Les 100 derniers buteurs pour le LOSC - Statistiques

Statistiques générales
  • Ce quiz a été pris 129 fois
  • Le résultat moyen est 48 sur 100
Statistiques - réponses
Poste Nationalité Réponse % Correct
Attaquant Canadien David
98%
Milieu Anglais Gomes
91%
Milieu Français André
90%
Milieu offensif Islandais Haraldsson
89%
Defenseur Belge Meunier
88%
Aillier Kosovar Zhegrova
87%
Milieu offensif Français Cabella
86%
Defenseur Brésilien Alexsandro
85%
Milieu Algérien Bentaleb
81%
Milieu offensif Turc Yazici
81%
Attaquant Belge Fernandez-Pardo
79%
Attaquant Belge Hazard
79%
Défenseur Français Diakité
78%
Attaquant Turc Yilmaz
78%
Aillier Français Bamba
77%
Milieu Congolais (RDC) Mukau
77%
Defenseur Néerlandais Bakker
76%
Défenseur Suedois Gudmundsson
76%
Aillier Marocain Sahraoui
76%
Défenseur Turc Celik
75%
Aillier/Milieu offensif Français Ikoné
74%
Aillier Ivoirien Pépé
73%
Attaquant Anglais Akpom
71%
Attaquant Nigérian Osimhen
71%
Attaquant Guinéen Bayo
69%
Aillier/Défenseur Americain Weah
69%
Défenseur Néerlandais Botman
68%
Défenseur Brésilien Ismaily
67%
Défenseur Mozambicain Reinildo
66%
Défenseur Portugais Santos
65%
Défenseur Bissaoguinéen/Portugais
63%
Aillier Portugais Leao
61%
Milieu Français Mavuba
61%
Milieu Portugais Sanches
61%
Milieu Brésilien Mendes
60%
Aillier Capverdien Mendes
60%
Aillier/Milieu offensif Algérien Ounas
59%
Défenseur Français Yoro
57%
Milieu Français Balmont
56%
Défenseur Croate Bradaric
56%
Aillier Brésilien Araujo
55%
Milieu Ivoirien/Malien Bissouma
53%
Défenseur Brésilien Gabriel
52%
Aillier Marocain Boufal
51%
Milieu Belge Onana
51%
Milieu Portugais Xeka
49%
Défenseur Monténégrin Basa
48%
Défenseur Portugais Jose Fonte
48%
Défenseur Danois Kjaer
48%
Attaquant Français Rémy
48%
Milieu Portugais André Gomes
47%
Milieu Sénégalais Gueye
46%
Attaquant Sud Africain Mothiba
43%
Milieu offensif Algérien Benzia
42%
Défenseur Portugais Djaló
41%
Attaquant Belge Origi
41%
Attaquant Portugais Eder
39%
Milieu offensif Français Payet
39%
Attaquant Français Roux
39%
Milieu Français Soumaré
38%
Attaquant Ivoirien Kalou
37%
Aillier/Attaquant Néerlandais El Ghazi
35%
Aillier Portugais Cavaleiro
34%
Défenseur Camerounais Chedjou
34%
Attaquant Argentin Ponce
34%
Défenseur Français Soumaoro
34%
Défenseur Algérien Zedadka
32%
Défenseur Paraguayen Alonso
31%
Attaquant Portugais Rui Fonte
31%
Attaquant Brésilien De Melo
30%
Attaquant Français De Préville
30%
Défenseur Français Digne
30%
Milieu offensif Portugais Lopes
30%
Défenseur Français Sidibé
30%
Défenseur Français Corchia
29%
Défenseur Argentin Civelli
26%
Défenseur Zambien Sunzu
26%
Attaquant Guinéen Guirassy
25%
Attaquant Suisse Frey
24%
Milieu offensif Français Bahlouli
23%
Aillier/Milieu offensif Français Bauthéac
23%
Défenseur Français Béria
23%
Milieu Marocain Obbadi
23%
Milieu Français Amalfitano
22%
Aillier Tunisien Sliti
22%
Milieu Français/Camerounais Amadou
21%
Attaquant Algérien Messoussa
20%
Défenseur Sénégalais Souaré
20%
Attaquant Ivoirien Tallo
20%
Attaquant Français Terrier
20%
Aillier/Attaquant Français Virginius
20%
Aillier Français Lihadji
19%
Milieu offensif Malien Traoré
19%
Milieu Français Pedretti
17%
Attaquant Belge Bruno
16%
Milieu Sénégalais Sankharé
16%
Défenseur Français Palmieri
15%
Milieu Français Delaplace
14%
Attaquant Français Rodelin
11%
Milieu Guinéen Camara
8%
Aucun quiz correspondant
Distribution des résultats
% des personnes avec chaque résultat
Percentile par nombre de réponses
Votre historique - résultats
Vous n’avez pas pris ce quiz